Organization for Virginia state curriculum program. (Record no. 21201)
[ view plain ]
| 000 -LEADER | |
|---|---|
| fixed length control field | 00912cam a22002411 4500 |
| 001 - CONTROL NUMBER | |
| control field | e 32000226 |
| 003 - CONTROL NUMBER IDENTIFIER | |
| control field | DLC |
| 005 - DATE AND TIME OF LATEST TRANSACTION | |
| control field | 20260227111222.0 |
| 008 - FIXED-LENGTH DATA ELEMENTS--GENERAL INFORMATION | |
| fixed length control field | 801210s1932 vaua s000 0 eng c |
| 010 ## - LIBRARY OF CONGRESS CONTROL NUMBER | |
| LC control number | e 32000226 |
| 035 ## - SYSTEM CONTROL NUMBER | |
| System control number | (OCoLC)7021509 |
| 040 ## - CATALOGING SOURCE | |
| Original cataloging agency | Library, U.S. Office of Education |
| Transcribing agency | OAkU |
| Modifying agency | DLC |
| 042 ## - AUTHENTICATION CODE | |
| Authentication code | premarc |
| 050 00 - LIBRARY OF CONGRESS CALL NUMBER | |
| Classification number | LB1570 |
| Item number | .V5 1932 |
| 110 1# - MAIN ENTRY--CORPORATE NAME | |
| Corporate name or jurisdiction name as entry element | Virginia. |
| Subordinate unit | State Board of Education. |
| 245 10 - TITLE STATEMENT | |
| Title | Organization for Virginia state curriculum program. |
| Statement of responsibility, etc. | Sidney B. Hall, superintendent of public instruction. D. W. Peters, director of instruction. H. L. Caswell, curriculum adviser. |
| 260 ## - PUBLICATION, DISTRIBUTION, ETC. | |
| Place of publication, distribution, etc. | Richmond, |
| Name of publisher, distributor, etc. | Division of Purchasing and Printing, |
| Date of publication, distribution, etc. | 1932. |
| 300 ## - PHYSICAL DESCRIPTION | |
| Extent | 26 p. |
| Other physical details | diagrs. |
| Dimensions | 23 cm. |
| 490 0# - SERIES STATEMENT | |
| Series statement | Bulletin. |
| Volume/sequential designation | v. 14, no. 5 |
| 650 #0 - SUBJECT ADDED ENTRY--TOPICAL TERM | |
| Topical term or geographic name entry element | Education |
| General subdivision | Curricula |
| Geographic subdivision | Virginia. |
| 650 #0 - SUBJECT ADDED ENTRY--TOPICAL TERM | |
| Topical term or geographic name entry element | Education |
| Geographic subdivision | Virginia. |
| 740 0# - ADDED ENTRY--UNCONTROLLED RELATED/ANALYTICAL TITLE | |
| Uncontrolled related/analytical title | Virginia state curriculum program, Organization for. |
No items available.